000 00424cam a2200169ua 4500
020 _c2.25
041 _amal
_h
082 _a894.812 308
_bSAR/GR
100 _aSaratchandra, Chatterji .
245 _aGramasamajam /
_cSaratchandra Chatterji.
_hTextual Documents
260 _aKottayam :
_bNational Book Stall ,
_c1963.
300 _a190 ; .
365 _a2.25
504 _a
942 _cBK
999 _c6610
_d6610